000 00496nam a22001817a 4500
005 20251127113844.0
008 251121b |||||||| |||| 00| 0 eng d
020 _a978-93-88022-86-6
041 _aeng
082 _a615.1 GUP-E
100 _aGUPTA, DR. PRAVEEN
_98764
245 _aEXPERIMENTAL HANDBOOK OF PHYSICAL PHARMACEUTICS
250 _a1ST BED, 2021,
260 _aNEW DELHI
_bINNOVATIVE PUBLICATION PVT.LTD
_c2023
300 _a208;P
650 _aPHARMACY
_xB,PHARMA
942 _cBK
999 _c8939
_d8937